| 000 | 00453nam a22001937a 4500 | ||
|---|---|---|---|
| 005 | 20230517122157.0 | ||
| 008 | 230517b |||||||| |||| 00| 0 eng d | ||
| 020 | _a9788131710890 | ||
| 082 |
_a658.81 _bSTI-S |
||
| 100 | _aStill;Richard.R | ||
| 245 | _aSales Management | ||
| 250 | _a5th ed. | ||
| 260 |
_aIndia _bPearson _c2013 |
||
| 300 | _a638 | ||
| 500 | _aIncludes Index | ||
| 650 | _aManagement | ||
| 700 | _aRichard R. Still | ||
| 999 |
_c18368 _d18368 |
||